000
00285nam a2200109Ia 4500
008
171211s9999 xx 000 0 und d
245
4
_a
The Sketchnote Handbook
245
_c
Mike Rohde
260
_c
2013
650
_x
Drawing
856
_u
http://down.ebook777.com/008/9780321857897.pdf
999
_c
348004
_d
348004